| 000 | 00863nam a2200265 a 4500 | ||
|---|---|---|---|
| 001 | 51556 | ||
| 003 | BD-RjUL | ||
| 005 | 20211209075658.0 | ||
| 008 | 160831r19631957enka 001 0 eng d | ||
| 035 | _a(BD-RjUL)51676 | ||
| 040 |
_aOCP _cOCP _dUNH _dPIT _dBD-RjUL _beng |
||
| 041 | _aeng | ||
| 082 |
_223 _bPHF 1963 _a515.9 |
||
| 100 | 1 |
_aPhillips, E. G. _q(Edgar Giraldus) _9153370 |
|
| 245 | 1 | 0 |
_aFunctions of a complex variable : _bwith applications / _cby E.G. Phillips. |
| 250 | _a8th ed. | ||
| 260 |
_aEdinburgh : _bOliver and Boyd, _c1957 [ Reprinted 1961, 1963,1965 ] |
||
| 300 |
_axi, 144 p. : _bill. ; _c19 cm. |
||
| 490 | 1 | _aUniversity mathematical texts | |
| 500 | _aIncludes index. | ||
| 500 | _a"With 17 figures" - t.p. | ||
| 650 | 0 |
_aFunctions of complex variables. _9154108 |
|
| 830 | 0 |
_aUniversity mathematical texts _9150921 |
|
| 942 |
_2ddc _cBK |
||
| 999 |
_c51556 _d51556 |
||